[Event "DVM U14 2022"]
[Site "Kelheim GER"]
[Date "2022.12.30"]
[Round "7"]
[White "Huber, Benedikt"]
[Black "Werner, Florin"]
[Result "1-0"]
[Termination "normal"]
[Board "8.1"]
[WhiteElo "1898"]
[BlackElo "1761"]
[WhiteClock "00:09:07"]
[BlackClock "01:04:45"]
[WhiteTeam "SK Kelheim 1920"]
[BlackTeam "VSG 1880 Offenbach"]
[PlyCount "85"]
[WhiteFideId "16281225"]
[BlackFideId "16250230"]
[EventCountry "GER"]
[EventRounds "7"]
[EventType "team-swiss"]
[EventDate "2022.12.26"]

1. e4 {[%clk 01:30:57]} {[%emt 00:00:02]} e6 {[%clk 01:30:52]} {[%emt
00:00:08]} 2. d4 {[%clk 01:31:20]} {[%emt 00:00:07]} d5 {[%clk 01:31:18]}
{[%emt 00:00:04]} 3. Nd2 {[%clk 01:31:45]} {[%emt 00:00:06]} Nf6 {[%clk
01:31:44]} {[%emt 00:00:05]} 4. e5 {[%clk 01:32:09]} {[%emt 00:00:05]} Nfd7
{[%clk 01:32:09]} {[%emt 00:00:04]} 5. Bd3 {[%clk 01:32:33]} {[%emt 00:00:06]}
c5 {[%clk 01:32:32]} {[%emt 00:00:08]} 6. c3 {[%clk 01:32:57]} {[%emt
00:00:06]} Nc6 {[%clk 01:32:57]} {[%emt 00:00:04]} 7. Ne2 {[%clk 01:33:17]}
{[%emt 00:00:11]} cxd4 {[%clk 01:33:11]} {[%emt 00:00:16]} 8. cxd4 {[%clk
01:33:41]} {[%emt 00:00:06]} f6 {[%clk 01:33:06]} {[%emt 00:00:36]} 9. Nf4
{[%clk 01:29:35]} {[%emt 00:04:36]} Qe7 {[%clk 01:27:33]} {[%emt 00:06:02]} 10.
Nf3 {[%clk 01:29:09]} {[%emt 00:00:56]} fxe5 {[%clk 01:25:50]} {[%emt
00:02:13]} 11. dxe5 {[%clk 01:28:44]} {[%emt 00:00:56]} Ndxe5 {[%clk 01:26:05]}
{[%emt 00:00:14]} 12. Nxe5 {[%clk 01:29:05]} {[%emt 00:00:08]} Nxe5 {[%clk
01:26:31]} {[%emt 00:00:05]} 13. Qh5 {[%clk 01:29:30]} {[%emt 00:00:05]} Nf7
{[%clk 01:26:58]} {[%emt 00:00:03]} 14. O-O {[%clk 01:29:26]} {[%emt 00:00:34]}
g6 {[%clk 01:26:09]} {[%emt 00:01:19]} 15. Qe2 {[%clk 01:27:42]} {[%emt
00:02:14]} Qd6 {[%clk 01:21:25]} {[%emt 00:05:14]} 16. Bb5 {[%clk 01:23:20]}
{[%emt 00:04:52]} Ke7 {[%clk 01:19:49]} {[%emt 00:02:06]} 17. Bd2 {[%clk
01:10:59]} {[%emt 00:12:51]} a5 {[%clk 01:17:36]} {[%emt 00:02:42]} 18. Rad1
{[%clk 01:05:54]} {[%emt 00:05:35]} Ne5 {[%clk 01:15:39]} {[%emt 00:02:28]} 19.
Bc3 {[%clk 01:01:25]} {[%emt 00:04:59]} Bg7 {[%clk 01:15:01]} {[%emt 00:01:07]}
20. Rfe1 {[%clk 00:50:12]} {[%emt 00:11:44]} Rf8 {[%clk 01:14:22]} {[%emt
00:01:09]} 21. Bxe5 {[%clk 00:30:28]} {[%emt 00:20:13]} Bxe5 {[%clk 01:14:41]}
{[%emt 00:00:11]} 22. Nxd5 {[%clk 00:30:49]} {[%emt 00:00:09]} exd5 {[%clk
01:15:03]} {[%emt 00:00:09]} 23. Qxe5 {[%clk 00:31:14]} {[%emt 00:00:04]} Qxe5
{[%clk 01:15:28]} {[%emt 00:00:05]} 24. Rxe5 {[%clk 00:31:41]} {[%emt
00:00:03]} Kf6 {[%clk 01:15:52]} {[%emt 00:00:07]} 25. Rexd5 {[%clk 00:31:56]}
{[%emt 00:00:15]} Bf5 {[%clk 01:14:56]} {[%emt 00:01:26]} 26. Rd6 {[%clk
00:29:20]} {[%emt 00:03:06]} Kg5 {[%clk 01:13:32]} {[%emt 00:01:53]} 27. Bd7
{[%clk 00:27:49]} {[%emt 00:02:02]} h5 {[%clk 01:12:28]} {[%emt 00:01:34]} 28.
Bxf5 {[%clk 00:26:59]} {[%emt 00:01:19]} Rxf5 {[%clk 01:12:47]} {[%emt
00:00:11]} 29. Rb6 {[%clk 00:24:31]} {[%emt 00:02:57]} Raf8 {[%clk 01:13:08]}
{[%emt 00:00:10]} 30. f3 {[%clk 00:17:48]} {[%emt 00:07:14]} R8f7 {[%clk
01:12:05]} {[%emt 00:01:32]} 31. Rd3 {[%clk 00:14:19]} {[%emt 00:03:59]} Re5
{[%clk 01:09:37]} {[%emt 00:02:59]} 32. h4 {[%clk 00:13:07]} {[%emt 00:01:42]}
Kh6 {[%clk 01:05:30]} {[%emt 00:04:37]} 33. Kh2 {[%clk 00:13:30]} {[%emt
00:00:07]} Rc7 {[%clk 01:05:26]} {[%emt 00:00:34]} 34. Rdd6 {[%clk 00:12:58]}
{[%emt 00:01:01]} Rg7 {[%clk 01:05:40]} {[%emt 00:00:16]} 35. Rd8 {[%clk
00:12:54]} {[%emt 00:00:33]} Kh7 {[%clk 01:04:23]} {[%emt 00:01:48]} 36. Rb8
{[%clk 00:12:43]} {[%emt 00:00:41]} Ree7 {[%clk 01:04:33]} {[%emt 00:00:21]}
37. Ra8 {[%clk 00:12:41]} {[%emt 00:00:31]} a4 {[%clk 01:04:04]} {[%emt
00:01:00]} 38. Rxa4 {[%clk 00:13:06]} {[%emt 00:00:05]} g5 {[%clk 01:04:31]}
{[%emt 00:00:03]} 39. Rb5 {[%clk 00:08:35]} {[%emt 00:05:00]} gxh4 {[%clk
01:03:47]} {[%emt 00:01:15]} 40. Rxh5 {[%clk 00:08:44]} {[%emt 00:00:20]} Kg8
{[%clk 01:04:08]} {[%emt 00:00:09]} 41. Rhxh4 {[%clk 00:08:51]} {[%emt
00:00:24]} Re2 {[%clk 01:04:23]} {[%emt 00:00:14]} 42. Ra8 {[%clk 00:08:51]}
{[%emt 00:00:30]} Kf7 {[%clk 01:04:45]} {[%emt 00:00:08]} 43. Rf4 {[%clk
00:09:07]} {[%emt 00:00:15]} 1-0

[Event "DVM U14 2022"]
[Site "Kelheim GER"]
[Date "2022.12.30"]
[Round "7"]
[White "Laux, Filip"]
[Black "Reimann, Marcus"]
[Result "1-0"]
[Termination "normal"]
[Board "8.2"]
[WhiteElo "1451"]
[BlackElo "1326"]
[WhiteClock "00:29:58"]
[BlackClock "00:16:28"]
[WhiteTeam "VSG 1880 Offenbach"]
[BlackTeam "SK Kelheim 1920"]
[PlyCount "63"]
[WhiteFideId "16275730"]
[BlackFideId "34640312"]
[EventCountry "GER"]
[EventRounds "7"]
[EventType "team-swiss"]
[EventDate "2022.12.26"]

1. e4 {[%clk 01:30:55]} {[%emt 00:00:05]} e5 {[%clk 01:30:56]} {[%emt
00:00:04]} 2. Nf3 {[%clk 01:31:07]} {[%emt 00:00:18]} Nc6 {[%clk 01:31:21]}
{[%emt 00:00:05]} 3. Bc4 {[%clk 01:31:17]} {[%emt 00:00:19]} Bc5 {[%clk
01:31:48]} {[%emt 00:00:05]} 4. c3 {[%clk 01:31:22]} {[%emt 00:00:24]} Nf6
{[%clk 01:32:14]} {[%emt 00:00:05]} 5. d3 {[%clk 01:31:22]} {[%emt 00:00:29]}
d6 {[%clk 01:32:37]} {[%emt 00:00:07]} 6. Nbd2 {[%clk 01:31:33]} {[%emt
00:00:19]} a6 {[%clk 01:31:45]} {[%emt 00:01:23]} 7. h3 {[%clk 01:31:25]}
{[%emt 00:00:36]} O-O {[%clk 01:32:00]} {[%emt 00:00:17]} 8. O-O {[%clk
01:31:26]} {[%emt 00:00:28]} Ba7 {[%clk 01:31:53]} {[%emt 00:00:38]} 9. Re1
{[%clk 01:31:02]} {[%emt 00:00:51]} Re8 {[%clk 01:32:10]} {[%emt 00:00:15]} 10.
Nf1 {[%clk 01:28:47]} {[%emt 00:02:44]} b5 {[%clk 01:31:35]} {[%emt 00:01:07]}
11. Bb3 {[%clk 01:28:19]} {[%emt 00:00:57]} Bb7 {[%clk 01:28:08]} {[%emt
00:03:57]} 12. a3 {[%clk 01:25:56]} {[%emt 00:02:53]} Nb8 {[%clk 01:26:14]}
{[%emt 00:02:24]} 13. Ng3 {[%clk 01:25:01]} {[%emt 00:01:25]} Nbd7 {[%clk
01:11:45]} {[%emt 00:15:00]} 14. Nf5 {[%clk 01:22:02]} {[%emt 00:03:28]} c5
{[%clk 00:56:18]} {[%emt 00:15:58]} 15. Nxd6 {[%clk 01:21:43]} {[%emt
00:00:48]} Qc7 {[%clk 00:54:26]} {[%emt 00:02:23]} 16. Bxf7 {[%clk 01:20:50]}
{[%emt 00:01:22]} Kf8 {[%clk 00:53:36]} {[%emt 00:01:20]} 17. Nxe8 {[%clk
01:19:35]} {[%emt 00:01:46]} Nxe8 {[%clk 00:53:57]} {[%emt 00:00:09]} 18. Ng5
{[%clk 01:17:08]} {[%emt 00:02:56]} Qd6 {[%clk 00:48:39]} {[%emt 00:05:48]} 19.
Bxe8 {[%clk 01:16:19]} {[%emt 00:01:19]} Rxe8 {[%clk 00:41:55]} {[%emt
00:07:14]} 20. Qf3 {[%clk 01:14:34]} {[%emt 00:02:14]} Nf6 {[%clk 00:37:21]}
{[%emt 00:05:05]} 21. Nxh7 {[%clk 01:14:47]} {[%emt 00:00:16]} Ke7 {[%clk
00:37:40]} {[%emt 00:00:12]} 22. Nxf6 {[%clk 01:14:11]} {[%emt 00:01:06]} gxf6
{[%clk 00:37:48]} {[%emt 00:00:23]} 23. Rd1 {[%clk 01:03:33]} {[%emt 00:11:07]}
Rg8 {[%clk 00:31:08]} {[%emt 00:07:10]} 24. Qf5 {[%clk 01:01:09]} {[%emt
00:02:55]} Rg7 {[%clk 00:24:50]} {[%emt 00:06:47]} 25. Be3 {[%clk 00:58:27]}
{[%emt 00:03:10]} Bb8 {[%clk 00:22:56]} {[%emt 00:02:26]} 26. h4 {[%clk
00:57:24]} {[%emt 00:01:33]} Qc7 {[%clk 00:21:41]} {[%emt 00:01:46]} 27. b4
{[%clk 00:38:16]} {[%emt 00:19:37]} Ba7 {[%emt 00:01:48]} 28. Qh3 {[%clk
00:35:50]} {[%emt 00:02:53]} Bc8 {[%clk 00:20:34]} {[%emt 00:00:22]} 29. Qh2
{[%clk 00:35:56]} {[%emt 00:00:21]} Be6 {[%clk 00:19:25]} {[%emt 00:01:42]} 30.
Kf1 {[%clk 00:29:44]} {[%emt 00:06:43]} c4 {[%clk 00:18:25]} {[%emt 00:01:29]}
31. d4 {[%clk 00:29:42]} {[%emt 00:00:32]} exd4 {[%clk 00:16:28]} {[%emt
00:02:28]} 32. Qxc7 {[%clk 00:29:58]} {[%emt 00:00:14]} 1-0

[Event "DVM U14 2022"]
[Site "Kelheim GER"]
[Date "2022.12.30"]
[Round "7"]
[White "Weinberger, Maxim"]
[Black "Staat, Christian"]
[Result "1-0"]
[Termination "normal"]
[Board "8.3"]
[WhiteElo "1148"]
[BlackElo "1260"]
[WhiteClock "01:08:11"]
[BlackClock "00:30:30"]
[WhiteTeam "SK Kelheim 1920"]
[BlackTeam "VSG 1880 Offenbach"]
[PlyCount "80"]
[WhiteFideId "16290330"]
[BlackFideId "34608141"]
[EventCountry "GER"]
[EventRounds "7"]
[EventType "team-swiss"]
[EventDate "2022.12.26"]

1. e4 {[%clk 01:30:59]} e5 {[%clk 01:30:59]} {[%emt 00:00:01]} 2. Nf3 {[%clk
01:31:22]} {[%emt 00:00:07]} Nc6 {[%clk 01:31:26]} {[%emt 00:00:04]} 3. Bc4
{[%clk 01:31:37]} {[%emt 00:00:14]} Bc5 {[%clk 01:31:47]} {[%emt 00:00:09]} 4.
c3 {[%clk 01:31:40]} {[%emt 00:00:27]} Nf6 {[%clk 01:32:11]} {[%emt 00:00:05]}
5. d3 {[%clk 01:31:46]} {[%emt 00:00:25]} h6 {[%clk 01:32:06]} {[%emt
00:00:35]} 6. O-O {[%clk 01:31:28]} {[%emt 00:00:48]} d6 {[%clk 01:31:48]}
{[%emt 00:00:48]} 7. h3 {[%clk 01:31:07]} {[%emt 00:00:51]} Be6 {[%clk
01:31:00]} {[%emt 00:01:18]} 8. Bb5 {[%clk 01:30:38]} {[%emt 00:00:59]} O-O
{[%clk 01:30:47]} {[%emt 00:00:44]} 9. Re1 {[%clk 01:30:04]} {[%emt 00:01:04]}
Ne7 {[%clk 01:14:10]} {[%emt 00:17:07]} 10. Nbd2 {[%clk 01:24:12]} {[%emt
00:06:21]} Ng6 {[%clk 01:04:52]} {[%emt 00:09:48]} 11. Nf1 {[%clk 01:22:53]}
{[%emt 00:01:48]} c6 {[%clk 01:02:01]} {[%emt 00:03:22]} 12. Ba4 {[%clk
01:22:22]} {[%emt 00:01:01]} b5 {[%clk 00:42:43]} {[%emt 00:19:48]} 13. Bc2
{[%clk 01:20:39]} {[%emt 00:02:13]} Qd7 {[%clk 00:33:21]} {[%emt 00:09:51]} 14.
d4 {[%clk 01:14:00]} {[%emt 00:07:10]} Bb6 {[%clk 00:32:42]} {[%emt 00:01:09]}
15. dxe5 {[%clk 01:12:43]} {[%emt 00:01:47]} dxe5 {[%clk 00:32:23]} {[%emt
00:00:49]} 16. Qxd7 {[%clk 01:12:58]} {[%emt 00:00:16]} Bxd7 {[%clk 00:32:29]}
{[%emt 00:00:24]} 17. Ng3 {[%clk 01:12:06]} {[%emt 00:01:21]} Rfe8 {[%clk
00:08:08]} {[%emt 00:24:50]} 18. a4 {[%clk 01:11:32]} {[%emt 00:01:05]} a5
{[%clk 00:06:43]} {[%emt 00:01:55]} 19. b4 {[%clk 01:10:20]} {[%emt 00:01:42]}
Kf8 {[%clk 00:04:40]} {[%emt 00:02:33]} 20. Be3 {[%clk 01:10:27]} {[%emt
00:00:23]} Bxe3 {[%clk 00:03:17]} {[%emt 00:01:52]} 21. Rxe3 {[%clk 01:10:46]}
{[%emt 00:00:11]} axb4 {[%clk 00:03:20]} {[%emt 00:00:28]} 22. cxb4 {[%clk
01:10:59]} {[%emt 00:00:17]} bxa4 {[%clk 00:02:46]} {[%emt 00:01:04]} 23. Rxa4
{[%clk 01:10:51]} {[%emt 00:00:38]} Rxa4 {[%clk 00:02:59]} {[%emt 00:00:17]}
24. Bxa4 {[%clk 01:11:10]} {[%emt 00:00:10]} Rb8 {[%clk 00:02:21]} {[%emt
00:01:09]} 25. Rc3 {[%clk 01:10:53]} {[%emt 00:00:48]} Rxb4 {[%clk 00:02:01]}
{[%emt 00:00:51]} 26. Bxc6 {[%clk 01:10:56]} {[%emt 00:00:27]} Bxc6 {[%clk
00:02:22]} {[%emt 00:00:08]} 27. Rxc6 {[%clk 01:11:07]} {[%emt 00:00:19]} Nxe4
{[%emt 00:00:45]} 28. Rc8 {[%emt 00:00:22]} Ke7 {[%emt 00:00:43]} 29. Rc7
{[%emt 00:00:17]} Ke6 {[%emt 00:01:44]} 30. Nh5 {[%emt 00:02:53]} Rb1 {[%emt
00:00:14]} 31. Kh2 {[%emt 00:00:30]} Nxf2 {[%clk 00:00:35]} {[%emt 00:00:02]}
32. Nxg7 {[%clk 01:09:58]} {[%emt 00:00:26]} Kf6 {[%emt 00:00:34]} 33. Nh5
{[%clk 01:09:45]} {[%emt 00:00:42]} Ke6 {[%clk 00:00:36]} {[%emt 00:00:24]} 34.
Ng3 {[%clk 01:08:30]} {[%emt 00:01:47]} Nd3 {[%clk 00:00:34]} {[%emt 00:00:32]}
35. Nd2 {[%clk 01:08:30]} {[%emt 00:00:30]} Rb2 {[%clk 00:00:38]} {[%emt
00:00:24]} 36. Nc4 {[%clk 01:07:25]} {[%emt 00:01:37]} Ngf4 {[%clk 00:00:32]}
{[%emt 00:00:36]} 37. Nxb2 {[%clk 01:07:30]} {[%emt 00:00:25]} Nxb2 {[%clk
00:00:53]} {[%emt 00:00:11]} 38. Rc6 {[%clk 01:07:54]} {[%emt 00:00:04]} Kd5
{[%clk 00:00:36]} {[%emt 00:00:47]} 39. Rxh6 {[%clk 01:08:13]} {[%emt
00:00:11]} e4 {[%clk 00:00:33]} {[%emt 00:00:33]} 40. Rf6 {[%clk 01:08:11]}
{[%emt 00:00:32]} e3 {[%clk 00:30:30]} {[%emt 00:00:33]} 1-0

[Event "DVM U14 2022"]
[Site "Kelheim GER"]
[Date "2022.12.30"]
[Round "7"]
[White "Haug, Mara"]
[Black "Nhan, Jinhon Raymon"]
[Result "1-0"]
[Termination "normal"]
[Board "9.1"]
[WhiteElo "1629"]
[BlackElo "1511"]
[WhiteClock "00:08:39"]
[BlackClock "00:01:31"]
[WhiteTeam "Karlsruher SF 1853"]
[BlackTeam "Schachvereinigung 1920 Plettenberg e. V."]
[PlyCount "69"]
[WhiteFideId "16259300"]
[BlackFideId "16284690"]
[EventCountry "GER"]
[EventRounds "7"]
[EventType "team-swiss"]
[EventDate "2022.12.26"]

1. e4 {[%clk 01:30:57]} {[%emt 00:00:02]} e6 {[%clk 01:30:54]} {[%emt
00:00:07]} 2. Nf3 {[%clk 01:31:23]} {[%emt 00:00:05]} d5 {[%clk 01:31:09]}
{[%emt 00:00:14]} 3. Nc3 {[%clk 01:31:47]} {[%emt 00:00:06]} Nf6 {[%clk
01:31:15]} {[%emt 00:00:23]} 4. e5 {[%clk 01:32:10]} {[%emt 00:00:08]} Nfd7
{[%clk 01:31:18]} {[%emt 00:00:27]} 5. Ne2 {[%clk 01:32:32]} {[%emt 00:00:08]}
c5 {[%clk 01:31:19]} {[%emt 00:00:29]} 6. c3 {[%clk 01:32:50]} {[%emt
00:00:13]} Nc6 {[%clk 01:31:31]} {[%emt 00:00:17]} 7. d4 {[%clk 01:33:13]}
{[%emt 00:00:07]} f6 {[%clk 01:29:12]} {[%emt 00:02:49]} 8. Nf4 {[%clk
01:27:53]} {[%emt 00:05:50]} Nb6 {[%clk 01:24:20]} {[%emt 00:05:22]} 9. Bb5
{[%clk 01:22:23]} {[%emt 00:05:59]} a6 {[%clk 01:16:12]} {[%emt 00:08:39]} 10.
Bxc6 {[%clk 01:17:54]} {[%emt 00:04:59]} bxc6 {[%clk 01:16:39]} {[%emt
00:00:03]} 11. exf6 {[%clk 01:16:24]} {[%emt 00:02:00]} Qxf6 {[%clk 01:06:01]}
{[%emt 00:11:08]} 12. Ne5 {[%clk 01:09:19]} {[%emt 00:07:35]} cxd4 {[%clk
00:54:17]} {[%emt 00:12:14]} 13. cxd4 {[%clk 01:04:13]} {[%emt 00:05:35]} Bd6
{[%clk 00:45:38]} {[%emt 00:09:10]} 14. Nh5 {[%clk 00:58:33]} {[%emt 00:06:10]}
Bb4 {[%clk 00:36:45]} {[%emt 00:09:21]} 15. Bd2 {[%clk 00:53:27]} {[%emt
00:05:37]} Bxd2 {[%clk 00:34:15]} {[%emt 00:03:01]} 16. Qxd2 {[%clk 00:53:28]}
{[%emt 00:00:29]} Qh6 {[%clk 00:26:25]} {[%emt 00:08:20]} 17. Qxh6 {[%clk
00:51:56]} {[%emt 00:02:01]} gxh6 {[%clk 00:26:52]} {[%emt 00:00:04]} 18. Nxc6
{[%clk 00:51:23]} {[%emt 00:01:01]} O-O {[%clk 00:24:07]} {[%emt 00:03:17]} 19.
O-O {[%clk 00:50:48]} {[%emt 00:01:05]} Nc4 {[%clk 00:23:10]} {[%emt 00:01:26]}
20. b3 {[%clk 00:45:43]} {[%emt 00:05:36]} Nd6 {[%clk 00:20:01]} {[%emt
00:03:38]} 21. Rfe1 {[%clk 00:41:43]} {[%emt 00:04:29]} Nb5 {[%clk 00:15:21]}
{[%emt 00:05:12]} 22. Re3 {[%clk 00:34:44]} {[%emt 00:07:26]} Bd7 {[%clk
00:12:52]} {[%emt 00:02:55]} 23. Ne5 {[%clk 00:33:36]} {[%emt 00:01:45]} Be8
{[%clk 00:12:40]} {[%emt 00:00:42]} 24. Ng3 {[%clk 00:24:15]} {[%emt 00:09:51]}
Nxd4 {[%clk 00:12:42]} {[%emt 00:00:28]} 25. Rc1 {[%clk 00:23:41]} {[%emt
00:01:01]} Ra7 {[%clk 00:09:22]} {[%emt 00:03:53]} 26. Ne2 {[%clk 00:19:54]}
{[%emt 00:04:16]} Nxe2 {[%clk 00:07:30]} {[%emt 00:02:22]} 27. Rxe2 {[%clk
00:20:23]} {[%emt 00:00:02]} Rg7 {[%clk 00:05:31]} {[%emt 00:02:28]} 28. h3
{[%clk 00:14:50]} {[%emt 00:06:03]} Bb5 {[%clk 00:04:41]} {[%emt 00:01:21]} 29.
Re3 {[%clk 00:14:48]} {[%emt 00:00:28]} Rg5 {[%clk 00:03:41]} {[%emt 00:01:34]}
30. Nf3 {[%clk 00:13:41]} {[%emt 00:01:36]} Rg6 {[%clk 00:02:21]} {[%emt
00:01:51]} 31. Nd4 {[%clk 00:13:19]} {[%emt 00:00:51]} Re8 {[%clk 00:01:22]}
{[%emt 00:01:29]} 32. Rc7 {[%clk 00:09:31]} {[%emt 00:04:19]} Rg7 {[%clk
00:00:51]} {[%emt 00:01:02]} 33. Rxg7 {[%clk 00:08:51]} {[%emt 00:01:08]} Kxg7
{[%emt 00:00:06]} 34. Rxe6 {[%clk 00:08:14]} {[%emt 00:01:02]} Rxe6 {[%clk
00:01:31]} {[%emt 00:00:19]} 35. Nxe6 {[%clk 00:08:39]} {[%emt 00:00:05]} 1-0

[Event "DVM U14 2022"]
[Site "Kelheim GER"]
[Date "2022.12.30"]
[Round "7"]
[White "Nhan, Jiehou"]
[Black "Khachaturyan, Konstantin"]
[Result "1-0"]
[Termination "normal"]
[Board "9.2"]
[WhiteElo "1378"]
[BlackElo "1361"]
[WhiteClock "00:51:40"]
[BlackClock "00:01:44"]
[WhiteTeam "Schachvereinigung 1920 Plettenberg e. V."]
[BlackTeam "Karlsruher SF 1853"]
[PlyCount "81"]
[WhiteFideId "34608214"]
[BlackFideId "16239083"]
[EventCountry "GER"]
[EventRounds "7"]
[EventType "team-swiss"]
[EventDate "2022.12.26"]

1. e4 {[%clk 01:30:45]} {[%emt 00:00:14]} c5 {[%clk 01:30:55]} {[%emt
00:00:06]} 2. c3 {[%clk 01:30:46]} {[%emt 00:00:30]} d5 {[%clk 01:31:20]}
{[%emt 00:00:03]} 3. exd5 {[%clk 01:30:31]} {[%emt 00:00:46]} Qxd5 {[%clk
01:31:42]} {[%emt 00:00:07]} 4. Nf3 {[%clk 01:30:22]} {[%emt 00:00:39]} g6
{[%clk 01:30:26]} {[%emt 00:01:46]} 5. d4 {[%clk 01:29:31]} {[%emt 00:01:21]}
Bg7 {[%clk 01:29:45]} {[%emt 00:01:11]} 6. Be3 {[%clk 01:27:48]} {[%emt
00:02:14]} cxd4 {[%clk 01:29:01]} {[%emt 00:01:13]} 7. cxd4 {[%clk 01:27:35]}
{[%emt 00:00:44]} Bg4 {[%clk 01:27:54]} {[%emt 00:01:36]} 8. Nc3 {[%clk
01:25:49]} {[%emt 00:02:16]} Qd8 {[%clk 01:22:00]} {[%emt 00:06:24]} 9. Bc4
{[%clk 01:24:40]} {[%emt 00:01:39]} Nd7 {[%clk 01:04:54]} {[%emt 00:17:37]} 10.
Bxf7 {[%clk 01:19:03]} {[%emt 00:06:07]} Kf8 {[%clk 00:48:25]} {[%emt
00:16:59]} 11. Bb3 {[%clk 01:15:24]} {[%emt 00:04:07]} Bxf3 {[%clk 00:39:07]}
{[%emt 00:09:48]} 12. Qxf3 {[%clk 01:13:59]} {[%emt 00:01:56]} Ngf6 {[%clk
00:38:32]} {[%emt 00:01:05]} 13. g4 {[%clk 01:08:26]} {[%emt 00:06:03]} h6
{[%clk 00:28:19]} {[%emt 00:10:43]} 14. h4 {[%clk 01:03:52]} {[%emt 00:05:04]}
Qa5 {[%clk 00:16:46]} {[%emt 00:12:03]} 15. O-O-O {[%clk 00:58:54]} {[%emt
00:05:28]} g5 {[%clk 00:16:14]} {[%emt 00:01:02]} 16. hxg5 {[%clk 00:57:40]}
{[%emt 00:01:43]} hxg5 {[%clk 00:16:29]} {[%emt 00:00:14]} 17. Rxh8 {[%clk
00:57:26]} {[%emt 00:00:44]} Bxh8 {[%clk 00:16:43]} {[%emt 00:00:17]} 18. Rh1
{[%clk 00:56:53]} {[%emt 00:01:03]} Bg7 {[%clk 00:16:11]} {[%emt 00:01:03]} 19.
Rh5 {[%clk 00:54:54]} {[%emt 00:02:28]} Rc8 {[%clk 00:11:20]} {[%emt 00:05:20]}
20. Bxg5 {[%clk 00:52:29]} {[%emt 00:02:55]} Ke8 {[%clk 00:05:19]} {[%emt
00:06:31]} 21. Bxf6 {[%clk 00:52:38]} {[%emt 00:00:22]} Bh6 {[%clk 00:04:36]}
{[%emt 00:01:13]} 22. Rxh6 {[%clk 00:51:59]} {[%emt 00:01:09]} Nxf6 {[%clk
00:04:48]} {[%emt 00:00:19]} 23. Rh8 {[%clk 00:51:52]} {[%emt 00:00:36]} Kd7
{[%clk 00:04:29]} {[%emt 00:00:48]} 24. Be6 {[%clk 00:50:08]} {[%emt 00:02:14]}
Kxe6 {[%clk 00:04:16]} {[%emt 00:00:44]} 25. Rxc8 {[%clk 00:50:24]} {[%emt
00:00:14]} Kd7 {[%clk 00:02:39]} {[%emt 00:02:05]} 26. Qxb7 {[%clk 00:50:02]}
{[%emt 00:00:53]} Ke6 {[%clk 00:02:54]} {[%emt 00:00:15]} 27. Qb3 {[%clk
00:49:47]} {[%emt 00:00:46]} Kd7 {[%clk 00:02:58]} {[%emt 00:00:26]} 28. Rc5
{[%clk 00:49:53]} {[%emt 00:00:25]} Qd8 {[%clk 00:02:05]} {[%emt 00:01:22]} 29.
g5 {[%clk 00:49:53]} {[%emt 00:00:30]} Qh8 {[%clk 00:01:34]} {[%emt 00:01:01]}
30. Qb7 {[%clk 00:49:19]} {[%emt 00:01:04]} Ke6 {[%clk 00:01:26]} {[%emt
00:00:38]} 31. Re5 {[%clk 00:49:37]} {[%emt 00:00:12]} Kf7 {[%clk 00:01:28]}
{[%emt 00:00:28]} 32. Qxe7 {[%clk 00:49:53]} {[%emt 00:00:13]} Kg8 {[%clk
00:01:32]} {[%emt 00:00:26]} 33. gxf6 {[%clk 00:49:27]} {[%emt 00:00:57]} Qh6
{[%clk 00:00:34]} {[%emt 00:01:28]} 34. Re3 {[%clk 00:49:31]} {[%emt 00:00:26]}
Qh1 {[%clk 00:00:43]} {[%emt 00:00:20]} 35. Kc2 {[%clk 00:49:54]} {[%emt
00:00:08]} Qh7 {[%clk 00:00:32]} {[%emt 00:00:41]} 36. Qxh7 {[%clk 00:50:00]}
{[%emt 00:00:23]} Kxh7 {[%clk 00:00:58]} {[%emt 00:00:04]} 37. Rg3 {[%clk
00:50:17]} {[%emt 00:00:13]} Kh8 {[%clk 00:01:13]} {[%emt 00:00:15]} 38. f7
{[%clk 00:50:38]} {[%emt 00:00:09]} Kh7 {[%clk 00:01:31]} {[%emt 00:00:13]} 39.
f8=R {[%emt 00:00:12]} a5 {[%clk 00:01:34]} {[%emt 00:00:26]} 40. Rf4 {[%clk
00:51:16]} {[%emt 00:00:11]} a4 {[%clk 00:01:44]} {[%emt 00:00:19]} 41. Rh4#
{[%clk 00:51:40]} {[%emt 00:00:07]} 1-0